Асинхронный двигатель с короткозамкнутым и фазным ротором; Электромеханические преобразователи энергии

Xehetasun bibliografikoak
Parent link:Электромеханические преобразователи энергии.— 2009.— С. 538
Egile nagusia: Тилиляев А. С.
Beste egile batzuk: Чернышёв А. Ю. (научный руководитель)
Hizkuntza:errusiera
Argitaratua: 2009
Gaiak:
Formatua: Liburu kapitulua
KOHA link:https://koha.lib.tpu.ru/cgi-bin/koha/opac-detail.pl?biblionumber=197051

MARC

LEADER 00000naa2a2200000 4500
001 197051
005 20231031183326.0
035 |a (RuTPU)RU\TPU\book\214949 
090 |a 197051 
100 |a 20110603d2009 k y0rusy50 ca 
101 0 |a rus 
102 |a RU 
200 1 |a Асинхронный двигатель с короткозамкнутым и фазным ротором  |f А. С. Тилиляев  |g науч. рук. А. Ю. Чернышёв 
463 0 |0 (RuTPU)RU\TPU\book\208678  |t Электромеханические преобразователи энергии  |o материалы IV Международной научно-технической конференции, 13-16 октября 2009 г., Томск  |f Российский фонд фундаментальных исследований (РФФИ) ; Томская область, Администрация ; Томский политехнический университет   |v С. 538  |d 2009  |p 556 с. 
610 1 |a асинхронные двигатели 
610 1 |a роторы 
610 1 |a труды учёных ТПУ 
700 1 |a Тилиляев  |b А. С. 
702 1 |a Чернышёв  |b А. Ю.  |4 727 
801 1 |a RU  |b 63413507  |c 20110603 
801 2 |a RU  |b 63413507  |c 20110603  |g RCR 
942 |c BK